000 00558nam a2200205Ia 4500
005 20250923145108.0
008 008 250917s9999 xx 000 0 eng d
037 _aTextual
040 _aDSWL
_beng
_cDSWL
041 _aeng
_2eng
084 _aY31-592.2, N32
_qDSWL
100 _aNehru, S.S.
_9831752
245 0 _aCaste and credit
_cby S.S. Nehru
260 _bLongman , Green & Co Ltd.
_c1932
300 _ax,174 p.
365 _aINR
_b12
925 _g12
942 _cTEXL
_hY31-592.2, N32
999 _c1447025
_d1447025